000 00936nam a22003617a 4500
005 20260224175036.0
008 160118b2012 xxu||||| |||| 00| | spa d
020 _a9788415664185
041 _aESP
082 _a364 M676c
100 _aMiró Llinares, Fernando
_91349
245 _aEl cibercrimen: Fenomenología y criminología de la delincuencia
260 _aEspaña
260 _bMarcial Pons
260 _c2012
300 _a332 páginas
490 _aInvestigación Criminal
650 _aCRIMINOLOGIA
650 _aCIBERCRIMEN
650 _aCIBERCRIMINALIDAD
650 _aCIBERFRAUDES
650 _aBLANQUEO DE CAPITALES
650 _aCIBERBULLYNG
650 _aACOSO SEXUAL
650 _aPORNOGRAFIA INFANTIL
650 _aCIBERTERRORISMO
650 _aHACKERS
650 _aBULLYNG
650 _aREDES SOCIALES
650 _aCONDUCTA DE LA VICTIMA
650 _aPIRATERIA
942 _cBK
_2ddc
999 _c7405
_d7405